Huế - Còn lại với di sản
Cuốn sách tập trung về di sản văn hóa phong phú của cố đô Huế, đặc biệt là di sản cung đình thời Nguyễn. Tác phẩm cũng đề cập đến công tác bảo tồn và phát huy giá trị các di sản vật thể, phi vật thể và di sản tư liệu, phản ánh kinh nghi...
Đã lưu trong:
| Príomhúdar: | |
|---|---|
| Formáid: | Leabhar |
| Teanga: | Vietnamese |
| Foilsithe: |
H.
Hà Nội
2023
|
| Ábhair: | |
| Clibeanna: |
Cuir Clib Leis
Gan Chlibeanna, Bí ar an gcéad duine leis an taifead seo a chlibeáil!
|
| Thư viện lưu trữ: | Thư viện Trường Đại học Nam Cần Thơ |
|---|
| LEADER | 01238nam a22001937a 4500 | ||
|---|---|---|---|
| 001 | NCT_4_018758 | ||
| 008 | 250512b xxu||||| |||| 00| 0 vie d | ||
| 999 | |c 8907 |d 8907 | ||
| 020 | |a 9786045589533 |c 249000 | ||
| 082 | 0 | 4 | |2 23rd ed. |a 959.749 |b H103 |
| 100 | 1 | |a Phan Thanh Hải | |
| 245 | 1 | 0 | |a Huế - Còn lại với di sản |c Phan Thanh Hải |
| 260 | |a H. |b Hà Nội |c 2023 | ||
| 300 | |a 368 tr. |b Ảnh |c 24 cm | ||
| 520 | 3 | |a Cuốn sách tập trung về di sản văn hóa phong phú của cố đô Huế, đặc biệt là di sản cung đình thời Nguyễn. Tác phẩm cũng đề cập đến công tác bảo tồn và phát huy giá trị các di sản vật thể, phi vật thể và di sản tư liệu, phản ánh kinh nghiệm thực tiễn của tác giả trong suốt 27 năm công tác tại Trung tâm Bảo tồn Di tích Cố đô Huế | |
| 653 | |a Quản trị DV Du lịch và Lữ hành | ||
| 942 | |2 ddc |c BK | ||
| 952 | |0 0 |1 0 |2 ddc |4 0 |6 959_749000000000000_H103 |7 0 |9 30592 |a 000001 |b 000001 |d 2025-05-12 |o 959.749 H103 |p MD.23768 |r 2025-05-12 |v 249000.00 |w 2025-05-12 |y BK | ||
| 980 | |a Thư viện Trường Đại học Nam Cần Thơ | ||


